000 00935nam a22003137a 4500
001 000006749
003 CHAP
005 20220329133451.0
008 971013s1990 r 00010 d
010 _a6694
011 _a7666
035 _a6890
040 _cCHAP
090 _aFolleto 13996
100 0 0 _aCastillo Domínguez, José Luis.
_920114
245 1 0 _aProblemario de introducción a la genética.
260 _aChapingo, Méx. :
_bUACH. Departamento de Preparatoria Agrícola,
_c1990.
300 _a43 p.
590 _aBATCH-UPD
_b10
_c20130110
_lUCH01
_h1816
590 _aBATCH-UPD
_b10
_c20130410
_lUCH01
_h1150
590 _aBATCH-UPD
_b10
_c20130914
_lUCH01
_h1534
590 _aCONVERSION
_b10
_c20130109
_lUCH01
_h1305
590 _aE5995AHE
_b05
_c20150212
_lUCH01
_h0943
650 1 4 _aGenética.
_947469
901 _aBK
942 _cFOLL
942 _n0
949 _aFolleto 13996
_bBC
_cUACH
_d-16562
_eUACH
_i6890
_si
999 _c6694
_d6694